000 00604nam a2200157 a 4500
001 000020422
005 20250611073818.0
008 140310s2015 dr 000 0 spa d
040 _aDO-SdBNP
_bspa
_cBNPHU
245 0 0 _aPlan estratégico nacional para la repusta nacional a la tuberculosis República Dominicana2015-2020 /.
260 _a[Santo Domingo] :,
_c2015.
300 _a120 p. :
_bil., gráfs. ;
_c27 cm.
500 _aVicentenario de salud colectiva
500 _aPrograma Nacional de Control de Tuberculosis marzos 2015
710 1 _aRepública Dominicana.
_bMinisterio de Salud Pública
_980830
999 _c19926
_d19926